MARC

Tag First Indicator Second Indicator Subfields
LEADER 00000cam a2200000 4500
001 in00000095807
005 20230320171624.1
008 720815s1971 caua b 100 0 eng
010 |a  72189728  
035 |a (OCoLC)00415959 
035 |9 AAL2029AM 
040 |a DLC  |c DLC  |d TXA  |d UtOrBLW 
049 |a TXAM  |c [955297] 
050 0 0 |a TL4030  |b .O67 1971 
082 0 |a 629.45/7 
111 2 |a Optical Tracking Systems Seminar  |d (1971 :  |c El Paso, Tex.) 
245 1 0 |a Optical tracking systems ;  |b proceedings, seminar-in-depth /  |c J. G. Muhlberger and E. D. Miller, editors. 
264 1 |a [Redondo Beach, Calif.] :  |b [Society of Photo-optical Instrumentation Engineers],  |c [1971] 
300 |a 180 pages :  |b illustrations ;  |c 28 cm. 
336 |a text  |b txt  |2 rdacontent 
337 |a unmediated  |b n  |2 rdamedia 
338 |a volume  |b nc  |2 rdacarrier 
490 1 |a S.P.I.E. seminar proceedings, v. 23 
500 |a Seminar held Jan. 18-19, 1971, sponsored by the S.P.I.E. White Sands Chapter; co-sponsored by the United States Army White Sands Missile Range. 
504 |a Includes bibliographical references. 
650 0 |a Optical range finders  |x Congresses. 
650 0 |a Tracking radar  |v Congresses. 
650 0 |a Space vehicles  |x Tracking  |x Congresses. 
700 1 |a Muhlberger, J. G. 
700 1 |a Miller, Emmett D. 
710 2 |a White Sands Missile Range (N.M.) 
830 0 |a Proceedings of SPIE--the International Society for Optical Engineering ;  |v v. 23. 
856 4 1 |u https://www.spiedigitallibrary.org/conference-proceedings-of-SPIE/0023.toc  |t 0 
999 |a MARS 
999 f f |s bde4ad7b-9a51-3b03-87c5-623329900aff  |i 8ea9378b-b551-344d-9ea2-1e6baa49d2a1  |t 0 
952 f f |p ric  |a Texas A&M University  |b Rellis Campus  |c Joint Library Facility  |d Remote Storage  |t 0  |e TL4030 .O67 1971  |h Library of Congress classification  |i unmediated -- volume  |m A14805559988 
998 f f |a TL4030 .O67 1971  |t 0  |l Remote Storage